| 000 | 01202nam a22003497a 4500 | ||
|---|---|---|---|
| 001 | 3734507 | ||
| 003 | OSt | ||
| 005 | 20210420080314.0 | ||
| 008 | 810629t19821981nyubf b 001 0 eng | ||
| 010 | _a 81047510 | ||
| 020 | _a0394505468 | ||
| 040 |
_aeng _cDLC _deng _beng |
||
| 041 | _aeng | ||
| 043 | _an-us--- | ||
| 050 | 0 | 0 |
_aE178 _b.B96 1982 |
| 080 |
_a94 _bM-12 |
||
| 082 | 0 | 0 |
_a973 _219 |
| 100 | 1 | _aBurns, James MacGregor. | |
| 245 | 1 | 4 |
_aThe American Experiment / The vineyard of liberty / _cby James MacGregor Burns. |
| 250 | _a1st ed. | ||
| 260 |
_aNew York : _bKnopf : _bDistributed by Random House, _c1982, c1981. |
||
| 300 |
_axii, 741 p., [4] leaves of plates : _bmaps ; _c24 cm. |
||
| 490 | 1 | _aThe American experiment | |
| 504 | _aIncludes bibliographical references and index. | ||
| 650 | 0 |
_9252 _aHistory |
|
| 651 | 0 |
_aUnited States _xHistory _y1783-1865. |
|
| 653 | _aისტორია | ||
| 653 | _aამერიკის შეერთებული შტატების ისტორია | ||
| 800 | 1 |
_aBurns, James MacGregor. _tAmerican experiment (Alfred A. Knopf, Inc.) |
|
| 906 |
_a7 _bcbc _corignew _d1 _eocip _f19 _gy-gencatlg |
||
| 942 |
_2udc _cBK _e1 |
||
| 999 |
_c564 _d564 |
||